000 00510nam a2200169 i 4500
001 70678
003 ES-MaACL
005 20250907063047.0
007 t|
008 040729s1946 mx ||||1| spa d
100 1 _aGaribay K., Angel María,
_d1892-1967
_955550
245 1 0 _aElogio fúnebre de los arzobispos de México /
_cAngel Mª Garibay K.
260 _aMéxico :
_bAbside,
_c1946 (
_fEly San)
300 _a40 p. ;
_c23 cm.
852 _aES-MaACL
_j1884-F-1
_bR.25813
999 _c70678
_d70678